000 00440nam a22001457a 4500
999 _c2327
_d2327
008 200221b ||||| |||| 00| 0 eng d
020 _a9788170355380
082 0 0 _a363.61
_bB2149
100 _91906
_aBandyopadhyay, Sukumar
245 1 0 _aWater quality management for coastal aquaculture /
_cby Sukumar Bandyopadhyay.
260 _aDelhi,
_bDaya Publication:
_c2008.
300 _axx,354p.
650 0 _aWater Resource Management
942 _cBK